000 00444nam a22001457a 4500
003 LRUA
005 20231107214735.0
008 231107b xxu||||| |||| 00| 0 eng d
040 _cDLC
082 _2FAO BIO 2009 C011 Or.
100 _916091
_aJUNE
245 _aBIO-SECURITY MEASURES TO PREVENT AVIN INFLUENZEA AND OTHER POULTRY DISEASES A GUIDE FOR COMMERCIAL & SEMI-COMMERCIAL FARMS
260 _aPhnom Penh
_bFAO
_c2009
942 _2ddc
_cAEDBB
999 _c22149
_d22149